| 000 | 01136nam a2200217Ia 4500 | ||
|---|---|---|---|
| 001 | 19868 | ||
| 003 | GE_BSU | ||
| 008 | 181216s||||||||xx |||||||||||||| ||und|| | ||
| 040 | _cGE_BSU | ||
| 080 | _a02 | ||
| 245 | _aსაცნობო-ბიბლიოგრაფიული და საინფორმაციული მუშაობა ბიბლიოთეკების ქსელის ცენტრალიზაციის პირობებში (მეთოდური წერილები) | ||
| 245 | _cშემდგ. ზ. მიშელაძე. რედ. გ. ბერულავა | ||
| 260 | _aთბილისი | ||
| 260 | _c1979 | ||
| 300 | _a48გვ. | ||
| 541 | _h3ლ.20თ. | ||
| 653 | _aბიბლიოთეკარი | ||
| 653 | _aსაცნობო-ბიბლიოგრაფიული და საინფორმაციული მუშაობა ბიბლიოთეკების ქსელის ცენტრალიზაციის პირობებში | ||
| 653 | _aქსეროქსი | ||
| 942 | _cBK | ||
| 999 |
_c52838 _d52838 |
||